|
|
|
|
| LEADER |
00000nam0a2200000 4500 |
| 001 |
119102 |
| 005 |
20231101215522.0 |
| 035 |
|
|
|a (RuTPU)RU\TPU\book\128879
|
| 090 |
|
|
|a 119102
|
| 100 |
|
|
|a 20070622d1984 km y0rusy50 ca
|
| 101 |
0 |
|
|a rus
|
| 102 |
|
|
|a RU
|
| 105 |
|
|
|a a z 001zy
|
| 200 |
1 |
|
|a Алюминиевые сплавы типа дуралюмин
|f Ф. И. Квасов, И. Н. Фридляндер
|
| 210 |
|
|
|a Москва
|c Металлургия
|d 1984
|
| 215 |
|
|
|a 240 с.
|c ил.
|
| 320 |
|
|
|a Библиогр.: с. 235-240.
|
| 610 |
1 |
|
|a алюминиевые сплавы
|
| 610 |
1 |
|
|a дуралюмин
|
| 675 |
|
|
|a 669.715
|v 3
|
| 700 |
|
1 |
|a Квасов
|b Ф. И.
|g Фёдор Иванович
|
| 701 |
|
1 |
|a Фридляндер
|b И. Н.
|c российский металловед
|c академик РАН
|f 1913-2009
|g Иосиф Наумович
|2 stltpush
|3 (RuTPU)RU\TPU\pers\13125
|9 3809
|
| 801 |
|
1 |
|a RU
|b 63413507
|c 20070622
|g PSBO
|
| 801 |
|
2 |
|a RU
|b 63413507
|c 20220428
|g PSBO
|
| 942 |
|
|
|c BK
|